Healing a Nation`s Wounds; Reconcilation on the Road Democracy (Record no. 18232)

MARC details
000 -LEADER
fixed length control field 00581nam a2200229 a 4500
020 ## - INTERNATIONAL STANDARD BOOK NUMBER
ISBN 9187748622
082 00 - DEWEY DECIMAL CLASSIFICATION NUMBER
Classification number 303.61
Author Cutter WIN
100 ## - MAIN ENTRY--AUTHOR NAME
Author name ,
245 ## - TITLE STATEMENT
Title Healing a Nation`s Wounds; Reconcilation on the Road Democracy
260 ## - PUBLICATION, DISTRIBUTION, ETC. (IMPRINT)
Place of publication Sweden
Name of publisher Life and Peace Institute
Year of publication 2005
300 ## - PHYSICAL DESCRIPTION
Number of Pages 75p
500 ## - GENERAL NOTE
General note includes index and biblioraphy
650 ## - SUBJECT ADDED ENTRY--TOPICAL TERM
Topical Term Reconciliation
942 ## - ADDED ENTRY ELEMENTS (KOHA)
Koha item type Books
700 1# -
-- ,
Holdings
Collection code Home library Current library Date acquired Cost, normal purchase price Full call number Accession Number Koha item type
  Henry Martyn Institute Library Henry Martyn Institute Library 05/14/2008 100.00 303.61 WIN 11001806 Books
                   Copyright © 2026 | Henry Martyn Institute | Hyderabad | TS-500052 | INDIA | Implemented by hmi.edu.in
Hit-Count:

Powered by Koha